[Event "GER CupT"]
[Site "Germany"]
[Date "1991.??.??"]
[Round "?"]
[White "Paehtz, Thomas Sr"]
[Black "Wahls, Matthias"]
[Result "1-0"]
[WhiteElo "2455"]
[BlackElo "2560"]
[Annotator "Stohl,I"]
[PlyCount "73"]
[EventDate "1991.??.??"]
[EventType "team"]
[EventRounds "9"]
[EventCountry "GER"]
[SourceTitle "CBM 024"]
[Source "ChessBase"]
[SourceDate "1991.10.01"]
[SourceVersion "1"]
[SourceVersionDate "1991.10.01"]
[SourceQuality "1"]

1. c4 Nf6 2. Nc3 c5 3. g3 e6 4. Nf3 b6 5. Bg2 Bb7 6. O-O d6 7. Re1 a6 8. b3 $5
(8. e4 Qc7 $5 (8... e5 9. d3 Be7 10. Nh4 Nc6 11. Nf5 O-O 12. f4 Nd4 13. Rf1
Nxf5 14. exf5 Bxg2 15. Kxg2 exf4 16. g4 Nd7 17. Bxf4 $14 {Kurajica,B-Rajkovic,
I,Cetinje tt 1990}) 9. b3 {-8.b3}) 8... Be7 9. Bb2 Qc7 10. e4 O-O (10... e5 11.
Nh4 g6 12. Bh3 $14) 11. d4 cxd4 12. Nxd4 Nbd7 13. Qe2 (13. Rc1 Rfe8 (13... Rac8
14. Rc2 Rfe8 15. Rd2 Qb8 16. f4 Bf8 17. Bf3 {/\e5+-} Nc5 18. e5 $16 {
Azmaiparashvili,Z-Lerner,K,Lvov zt 1990-CBM 18}) 14. h3 (14. Rc2 $5 Bf8 15. Rd2
Rad8 16. f4 g6 $5 $13 {/\e5}) 14... Bf8 15. Qd2 g6 16. g4 Rac8 17. Nde2 Qb8 18.
Ng3 h6 19. Rcd1 Red8 $132 {Petrosian,A-Stempin,P,Polanica Zdroj 1989}) 13...
Rfe8 (13... g6 14. Bh3 $5 (14. Rad1 $14 {()}) 14... Nc5 15. f3 e5 16. Nc2 b5 {
Schneider,B-Polajzer,D,Ptuj 1989} 17. cxb5 axb5 18. Nb4 $14) 14. Rad1 g6 (14...
Bf8 $142 {/\} 15. f4 e5 $5 $13) 15. Nc2 $1 (15. f4 e5 $132) 15... Rac8 16. Ne3
$14 Qb8 (16... Nc5 17. Ng4 Nxg4 18. Qxg4 $14 {/\} Bf6 $2 19. Nb5 $1 $40) 17. f4
Qa8 (17... Nc5 18. e5 $1 dxe5 19. Bxb7 Nxb7 20. fxe5 Nh5 21. Ne4 $16) 18. Ng4
Nxg4 19. Qxg4 Red8 (19... Bf8 20. Qe2 $14 {/\e5}) 20. Qe2 Qb8 21. Rd2 {><d6}
Bf8 22. Red1 Qc7 23. h3 (23. h4 $5 $36) 23... Nc5 24. Kh2 Ba8 (24... Bg7 $6 25.
b4 $16) 25. h4 Bg7 $6 (25... h5 $142 $14 {/\} 26. g4 $2 d5 $36 {><f4}) 26. h5
$40 Bc6 27. hxg6 hxg6 28. Qg4 Be8 (28... Bxc3 29. Bxc3 Nxe4 30. Bxe4 Bxe4 31.
Bf6 $18) (28... b5 29. f5 $1 $16) 29. Rh1 (29. f5 Qe7 $132) 29... Nd7 30. Qh4
$16 {<->h->} Qc5 $6 (30... b5 31. Kg1 {/\Nb5!+-}) (30... Bf6 31. Qh3 $16) 31.
e5 $1 dxe5 32. Ne4 Qa5 (32... Qe3 33. fxe5 Qh6 34. Rhd1 Qxh4+ 35. gxh4 $18) 33.
Bc3 Qa3 34. fxe5 Kf8 35. Rhd1 $18 {/\Nf6,Qh7-g8} Qe7 36. Nf6 Nc5 37. Nh7+ {
Stohl,I} 1-0

[Event "EU-chT (Men) 15th"]
[Site "Gothenburg"]
[Date "2005.08.02"]
[Round "4.1"]
[White "Illescas Cordoba, Miguel"]
[Black "Almasi, Zoltan"]
[Result "0-1"]
[WhiteElo "2624"]
[BlackElo "2619"]
[Annotator "Stohl,I"]
[PlyCount "54"]
[EventDate "2005.07.30"]
[EventType "team-swiss"]
[EventRounds "9"]
[EventCountry "SWE"]
[SourceTitle "CBM 109"]
[Source "ChessBase"]
[SourceDate "2005.11.14"]
[SourceVersion "1"]
[SourceVersionDate "2005.11.14"]
[SourceQuality "1"]
[WhiteTeam "Spain"]
[BlackTeam "Hungary"]
[WhiteTeamCountry "ESP"]
[BlackTeamCountry "HUN"]

1. Nf3 Nf6 2. c4 b6 (2... c5 3. g3 g6 4. b3 Bg7 5. Bb2 O-O 6. Bg2 d5 7. cxd5
Qxd5 8. O-O Qh5 9. d3 Nc6 10. Nbd2 Bh3 11. Rc1 b6 12. a3 Rac8 13. Rc4 Bxg2 14.
Kxg2 Qd5 15. Qa1 {This is exactly the Yermolinsky-Kasparov game below with
opposite colours!} Na5 16. Ra4 (16. Rc3 Nd7 17. Rc2 Bh6 $5 $36) 16... Nxb3 (
16... Rfd8 $5) 17. Nxb3 Qxb3 18. Rxa7 Qe6 19. Be5 Bh6 (19... c4 $11 {is simpler
}) 20. Qc3 Ra8 21. Rxa8 Rxa8 22. Bxf6 exf6 23. Rb1 Bf8 24. Qb3 c4 25. Qxc4 Qxc4
26. dxc4 Bc5 27. Nd2 f5 28. Nb3 Ra4 29. Nxc5 bxc5 30. Ra1 Kf8 $1 $132 {_|_R=,
Flores,D-Ricardi,P/Los Polvorines/2005/}) 3. g3 c5 4. Bg2 Bb7 5. O-O g6 6. Nc3
Bg7 7. d4 cxd4 8. Qxd4 d6 (8... O-O $6 {is well-known to be weaker due to} 9.
Qh4 $1 d6 10. Bh6 {and the B gets to h6 in one move, saving an important tempo.
This gives White more chances to get something tangible out of the opening.}
Nbd7 11. Rac1 (11. Rfd1 Rc8 12. b3 a6 (12... Rc5 $5 13. Bxg7 Kxg7 14. Qd4 Qa8
15. Rac1 $14) 13. Rac1 Bxh6 $2 (13... Rc5 $142) (13... Re8 $5 $14) 14. Qxh6 b5
15. Ng5 $1 Bxg2 16. Kxg2 bxc4 17. Rd4 $40 cxb3 $6 18. Rh4 Re8 19. Nxh7 $2 (19.
Nd5 Rxc1 20. Nxf6+ Nxf6 21. Nxh7 Qa8+ 22. f3 Nh5 23. Ng5 $18) 19... Nh5 $1 20.
Rxh5 (20. Ng5 Nf8 21. axb3 Qa5 $132) 20... gxh5 21. Qg5+ Kxh7 22. Qxh5+ Kg7 23.
Qg5+ Kh7 24. Qh5+ Kg7 25. Qg5+ {1/2,Gustafsson,J-Babula,V/Bundesliga 0304/2004/
This game illustrates the kind of ->, which Illescas had on his mind, when
later lashing out with 14.Ng5?!. However, an important difference in
Gustafsson's favour was Babula took on h6 first instead of trying to force the
exchange on g7 (as Almasi did).}) 11... Rc8 12. b3 a6 {is also interesting
from the point of view of our game - it will reach exactly the same position,
only with Black to move.} 13. Bxg7 Kxg7 14. Qd4 Kg8 15. Nd5 (15. Rfd1 $14)
15... Bxd5 $2 (15... b5 $142 $1 $132) 16. cxd5 Rc5 17. b4 $1 Rxd5 {[%csl Rd5]
צ} 18. Qb2 Rh5 19. h3 Ne5 20. Nd4 d5 21. g4 Nexg4 22. hxg4 Nxg4 23. Qc3 $16 {
Agrest,E-Kunin,V/Griesheim/2003/}) 9. Be3 ({Postponing castling gives Black
the option to limit White's Q with} 9. Qh4 $143 h6 $1) 9... Nbd7 10. Rac1 Rc8
11. b3 O-O ({Black can still wait for one move, the currently topical position
of the whole line arises after} 11... a6 12. Rfd1 O-O 13. Qh4 {Now} Rc7 {
has the best reputation:} 14. Bh3 Qb8 15. g4 e6 $1 16. g5 Ne8 $5 (16... Nh5 17.
Bg4 b5 18. Bxh5 gxh5 19. Ne4 $5 $14) 17. Bg2 $146 (17. Ne4 b5 18. cxb5 axb5 19.
Bd4 Rxc1 20. Rxc1 Qa8 21. Bxg7 Nxg7 $1 $13 {/=/+} (21... Kxg7 $2 22. Nxd6 $1
Bxf3 23. Rc8 Qd5 24. Nxe8+ Kh8 25. Nf6 Qd1+ 26. Bf1 Bh5 27. Rxf8+ Nxf8 28. Qb4
{1-0,Sorokin,M-Sadvakasov,D/Moscow Aeroflot/2005/})) 17... b5 18. Ne4 bxc4 19.
bxc4 d5 20. cxd5 Bxd5 21. Nc5 Nxc5 22. Bxc5 Nd6 23. Rb1 Qxb1 24. Rxb1 Rxc5 25.
Qa4 Ne4 26. Qxa6 Rc2 27. Qd3 Rxa2 $44 {Aronian,L-Kramnik,V/ECC Saint Vincent/
2005/ and despite the extra Q it's White, who has to be careful.}) 12. Qh4 {
Most top players play like this, but the alternative} (12. Qd2 {is about
equivalent.}) 12... a6 13. Bh6 {As has already been said above, compared with
the note to move 8 Almasi has an extra tempo and equalizes readily enough.} (
13. Rfd1 {transposes to the 10...a6 line above.}) 13... Rc5 {A thematic
manoeuvre.} (13... Nc5 {[%cal Gc8c5] is probably quite playable as well, but
closing the <->c seems less natural.} 14. Nd5 $2 {A strange P-sacrifice, which
shouldn't have given White anything.} (14. Rfd1 Nce4 $5 $11) (14. Ng5 $5 Bxg2
15. Kxg2 {is the only active try to profit from Black's 13-th move.}) 14...
Bxd5 15. cxd5 Nxd5 16. Ng5 Nf6 17. Bh3 Rc7 18. Rc4 Ncd7 $6 (18... d5 $142 {/\}
19. Rf4 Nce4 $1 $17) 19. Bxg7 Kxg7 20. Rfc1 Rxc4 21. Qxc4 Ne5 22. Qxa6 Qa8 23.
Qxa8 Rxa8 24. a4 h6 25. Bg2 Ra5 26. Nf3 Rc5 $11 {Loncar,R-Jovanic,O/Pula/1996/}
) 14. Ng5 $6 $146 {An optimistic sortie, Illescas overestimates his -> chances.
} ({A reasonable choice is} 14. Bxg7 Kxg7 15. Qd4 (15. a4 Qa8 16. Qd4 Rfc8 17.
Rcd1 Ne5 18. Qe3 R8c7 19. Ne1 Bxg2 20. Nxg2 Qc6 21. f3 e6 22. Nf4 Rd7 23. Nd3
$11 {1/2,Suvrajit,S-Konguvel,P/Visakhapatnam/2004/}) 15... Qa8 (15... b5 $5
$132) 16. Rfd1 (16. Na4 $5 {as in Flores-Ricardi is more testing, as it forces
the R to an awkward square.}) 16... b5 17. cxb5 axb5 18. b4 Rc4 19. Qe3 Qa3 20.
Nd2 Rc7 21. Bxb7 Rxb7 22. Qxe7 Qxb4 23. Nb3 Re8 24. Qxd6 Qxd6 25. Rxd6 b4 $11 {
Yermolinsky,A-Kasparov,G/Wijk aan Zee blitz/1999/}) 14... Bxg2 15. Kxg2 b5 $1
$36 16. Nd5 {[%mdl 256] In the same vein as on move 14, but Black's play is a
model of economical defence and he quickly launches a counterattack.} (16. Bxg7
$142 Kxg7 17. Nge4 Nxe4 18. Nxe4 Rh5 19. Qf4 bxc4 20. bxc4 Qc7 $15) (16. cxb5
Qa8+ 17. Nf3 Bxh6 (17... Rfc8 $5) 18. Qxh6 Rfc8 $36) 16... bxc4 17. bxc4 e6 18.
Nf4 $2 (18. Bxg7 Kxg7 19. Nxf6 $15) 18... Re8 $1 {[%csl Re6] Protects e6.
White has nothing on the >>, as his R can't join in.} 19. Rfd1 Qa5 $1 $17 {
Pushes back the annoying Ng5.} 20. Nfh3 $6 {Illescas insists, but now his Q
and all his minor pirces are misplaced.} (20. Nf3 $142 Bxh6 21. Qxh6 Qc7 $17 {
[%csl Rc4] ><c4}) 20... Qc7 {[%cal Rd6d5,Rd7e5] /\d5,Ne5} 21. e4 Ne5 $19 {
The Pc4 is lost, the rest is just agony.} 22. f3 Nxc4 23. Rc3 Qa5 24. Bxg7 Kxg7
25. e5 Nxe5 (25... Qxc3 $19 {is playable, but Black doesn't want to complicate
matters.}) 26. Rxc5 Qxc5 27. Qf4 Nd5 (27... Nd5 28. Qa4 Rb8 $19 {->}) 0-1

[Event "Olympiad-36"]
[Site "Mallorca"]
[Date "2004.10.27"]
[Round "12"]
[White "Ruck, Robert"]
[Black "Markus, Robert"]
[Result "1-0"]
[WhiteElo "2562"]
[BlackElo "2555"]
[Annotator "Stohl,I"]
[PlyCount "79"]
[EventDate "2004.10.15"]
[EventType "team-swiss"]
[EventRounds "14"]
[EventCountry "ESP"]
[SourceTitle "CBM 104"]
[Source "ChessBase"]
[SourceDate "2005.01.27"]
[SourceVersion "1"]
[SourceVersionDate "2005.01.27"]
[SourceQuality "1"]
[WhiteTeam "Hungary"]
[BlackTeam "Yugoslavia"]
[WhiteTeamCountry "HUN"]
[BlackTeamCountry "YUG"]

1. Nf3 Nf6 2. c4 c5 3. Nc3 e6 4. g3 b6 5. Bg2 Bb7 6. O-O Be7 7. Re1 d6 8. e4 a6
9. d4 cxd4 10. Nxd4 Qc7 11. Be3 O-O 12. Rc1 Re8 (12... Nbd7 13. f4 (13. g4 Nc5
14. f3 h6 $11 {achieves nothing at all.}) 13... h5 $5 {is currently a popular
choice, but the text-move is playable as well.}) 13. f4 Nbd7 {Black plays the
main move, the alternative} (13... Bf8 $5 {can give the game an independent
character.}) 14. g4 (14. Bf2 h6 $5 15. b3 Rac8 $13) 14... h6 $2 {However, here
Markus chooses an inferior continuation, something which has been known for
quite some time.} (14... Nf8 15. g5 N6d7 16. b3 $14 {is rather passive,}) (
14... g6 15. g5 Nh5 16. f5 $1 $36 {is probably also not ideal, but after the
best continuation}) (14... Nc5 15. Bf2 g6 $14 {/~~<=> Black still holds his
own.}) 15. g5 $1 {[%mdl 128] This direct attacking plan is very dangerous.} (
15. h4 $143 $6 Nc5 16. Bf2 d5 $1 $36 17. e5 Nfe4 18. cxd5 Nxf2 19. Kxf2 Bxh4+
20. Ke3 Bxe1 21. Qxe1 exd5 22. b4 Qd7 $1 $19 {Iskusnyh,S-Shipov,S/RUS-chT/1998/
}) 15... hxg5 16. fxg5 Nh7 17. g6 Nhf8 (17... Nhf6 $143 18. Bh3 Nf8 19. gxf7+
Kxf7 20. Rf1 Bc8 (20... Qd7 21. Nd5 $40) 21. Qh5+ g6 22. Qh6 Bd7 23. Rf2 Rac8
24. Rcf1 Qd8 25. Qh8 {1-0,Abhau,J-Busche,S/OL-SW/2002/}) 18. gxf7+ Kxf7 19. Nd5
$1 {[%mdl 512] A powerful sacrifice. Black's position is fundamentally sound,
so White should act energetically:} (19. Bh3 Bf6 20. Rc2 Ne5 21. Rf1 Kg8 22.
Rg2 Qe7 $13 {Fioramonti,H-Thesing,M/Odessa/1990/}) (19. Nce2 Bf6 20. Nf4 Nc5 (
20... Ne5 $142 21. Nh5 Nfd7 $132) 21. Nh5 Nfd7 22. Rf1 Ne5 23. Nxf6 gxf6 24.
Qh5+ Kg8 25. Bh6 Nxe4 26. Bxe4 Bxe4 {Roktim,B-Mortazavi,A/BCF-ch Hove/1997/}
27. Rxf6 $40) ({The preliminary} 19. Rf1+ {is also possible, but somewhat less
convincing:} Kg8 $142 (19... Bf6 20. e5 $1 dxe5 (20... Bxg2 21. exf6 Bxf1 22.
Qh5+ Ng6 (22... g6 23. Qh8 Nxf6 24. Rxf1 $18) 23. Rxf1 Ndf8 (23... Nxf6 24.
Rxf6+ $1 Kxf6 25. Nd5+ $1 exd5 26. Qf5+ Ke7 27. Bg5#) 24. fxg7+ Kxg7 25. Ne4 $1
$18 {->}) 21. Ndb5 axb5 22. Nxb5 Qb8 23. Bxb7 Rxa2 24. Nd6+ $18) 20. Nd5 exd5
21. cxd5 Qd8 (21... Qb8 22. Nc6 Bxc6 23. dxc6 Ne5 24. Qd5+ (24. Bh3 Bd8 $1 25.
Bd7 Bc7 $13) 24... Kh8 25. c7 $40) 22. Nc6 Bxc6 (22... Bg5 23. Nxd8 Bxe3+ 24.
Kh1 Raxd8 25. Rc7 Bc8 26. Bh3 {Vaganian,R-Ionescu,C/Sochi/1986/} Ne5 27. Bxc8
Rxc8 28. Rxc8 Rxc8 29. Qe2 Bd4 30. Rd1 $16 {Vaganian}) 23. dxc6 Ne5 (23... Nc5
24. Qd5+ Nce6 (24... Kh8 25. c7 Qxc7 26. b4 $16) 25. c7 Qd7 26. Bxb6 $36) 24.
Qd5+ Kh8 25. c7 $36) 19... Qd8 $6 {Now Black will be clearly worse without any
material to suffer for.} ({A better practical chance was} 19... exd5 20. cxd5
Qb8 $5 (20... Qd8 21. Nc6 $1 (21. Ne6 Nxe6 $2 (21... Qb8 $8 {is certainly
risky, but it's a better practical chance.}) 22. dxe6+ Kg8 (22... Kxe6 23. Bh3+
Kf7 24. Qh5+ g6 25. Qh7+ (25. Rf1+ $1 {mates faster.}) 25... Kf6 26. Rf1+ Ke5
27. Bf4+ Kd4 28. Rfd1+ Kxe4 29. Qxg6+ Kxf4 30. Qg4+ {1-0 Pogorelov,R-Rodriguez
Lopez,R/Mondariz 1999/EXT 2000 (30)}) 23. exd7 Qxd7 24. Bxb6 $16) 21... Bxc6
22. dxc6 Ne5 (22... Nc5 23. e5 $1 $40 {/\} dxe5 24. Bd5+ Kg6 25. Rxc5 $1 bxc5
26. Qc2+ $18) 23. Bh3 $1 Bg5 $8 (23... Qc7 $2 24. Qb3+ $18) 24. Qh5+ Kg8 (24...
g6 25. Rf1+ Bf6 26. Qh8 $18) 25. c7 Bxe3+ 26. Rxe3 Qf6 27. c8=Q $16 {/+-}) 21.
Nc6 $1 (21. Ne6 $143 Bf6 22. Bh3 Nc5 23. Bxc5 bxc5 24. Rf1 Nxe6 25. dxe6+ Ke7
26. e5 Rh8 27. exf6+ gxf6 28. Qa4 Qc7 29. Qf4 Rag8+ $17 {Srebrnic,A-Sakelsek,T/
Ptuj/2002/}) 21... Bxc6 22. dxc6 Ne5 23. Qd5+ (23. Bh3 $5) 23... Ne6 24. Rf1+
Bf6 25. c7 $44) 20. Nxe7 (20. Nf4 $5 $16 {-> Pogorelov}) 20... Qxe7 21. Nf3 $1
Nh7 $6 (21... Kg8 $1 22. Bg5 (22. Ng5 $36) 22... Nf6 23. Qd4 $5 $16 {[%csl Rb6,
Rd6] ><d6,b6} (23. e5 dxe5 24. Nxe5 Bxg2 25. Kxg2 N8d7 $14)) 22. Ng5+ $1 Nxg5
23. Qh5+ g6 24. Qxg5 Rg8 ({After} 24... Qxg5 $142 $8 25. Bxg5 $16 {[%csl Rd6]
[%cal Re1f1,Re1d1] /+-,><d6,Rf1,Red1 Black can't effectively protect the
crucial d6-pawn, e.g.} Ne5 26. Red1 Kg8 (26... Red8 27. Bxd8 Rxd8 28. c5 $1 $18
) 27. Rxd6 Nf7 28. Rxb6 $18 {But the text-move is even worse.}) 25. Rf1+ Ke8
26. Qxe7+ Kxe7 27. Bg5+ Ke8 28. Rcd1 $18 {Black not only loses a P, but will
remain completely paralyzed.} Rc8 29. Rxd6 Rc6 30. Rfd1 Rxd6 31. Rxd6 e5 32. b4
Rg7 33. Bh3 (33. h4 $18 {leads to the game position and was just as good.})
33... Rh7 (33... Bxe4 34. Re6+ Kf8 (34... Kf7 35. Re7+ Kg8 36. Rxg7+ Kxg7 37.
Bxd7 $18) 35. Bh6 $18) 34. Bg2 (34. Be6 Bxe4 35. c5 $1 $18) 34... Rg7 35. h4 a5
36. a3 axb4 37. axb4 Ba8 38. Bh3 $22 {[%cal Rc4c6,Rd6e6] /\c5-c6,Re6} Rf7 39.
Re6+ Kf8 40. Bh6+ (40. Bh6+ Kg8 41. Re8+ $18) 1-0

[Event "Prague Chip"]
[Site "Prague"]
[Date "1992.??.??"]
[Round "4"]
[White "Van der Sterren, Paul"]
[Black "Stohl, Igor"]
[Result "1/2-1/2"]
[WhiteElo "2535"]
[BlackElo "2560"]
[Annotator "Stohl,I"]
[PlyCount "105"]
[EventDate "1992.01.??"]
[EventType "tourn"]
[EventRounds "13"]
[EventCountry "CZE"]
[EventCategory "11"]
[SourceTitle "CBM 027"]
[Source "ChessBase"]
[SourceDate "1992.04.01"]
[SourceVersion "1"]
[SourceVersionDate "1992.04.01"]
[SourceQuality "1"]

1. Nf3 Nf6 2. c4 b6 3. g3 c5 4. Bg2 Bb7 5. O-O g6 6. Nc3 Bg7 7. Re1 d5 $1 (7...
O-O 8. e4 Nc6 9. e5 Ne8 (9... Ng4 $6 10. h3 Nh6 11. d4 Nxd4 12. Nxd4 Bxg2 13.
Kxg2 cxd4 14. Qxd4 Nf5 15. Qe4 d6 16. Bf4 dxe5 17. Bxe5 Nd6 18. Qf4 Bxe5 19.
Rxe5 e6 20. Rd1 Qc7 21. Re4 $1 $16 {Lobron,E-Makarichev,S,EU Cup f 1991-CBM 23}
) 10. d4 Nxd4 11. Nxd4 Bxg2 12. Kxg2 cxd4 13. Qxd4 d6 14. Bf4 dxe5 15. Qxd8
Rxd8 16. Bxe5 f6 (16... Bxe5 $5 17. Rxe5 e6 $132) 17. Bf4 e5 18. Be3 Rc8 $5 (
18... Nd6 19. b3 Rf7 20. Rad1 Rfd7 21. Rd5 $1 $16 {[+],Lobron,E-Olafsson,H,New
York op 1989-CBM 12}) 19. b3 f5 $13 {1/2:1/2,Von Gleich,A-Vegh,E,Sankt
Augustin 1990-EXP 20}) (7... d6 8. e4 e5 $5 {N} (8... Nbd7 9. d4 cxd4 10. Nxd4
Rb8 11. b3 O-O 12. Bb2 a6 13. Qd2 Re8 14. Rac1 Ba8 $14 {Lobron,E-Appel,R,
Deutschland Cup 1989-CBM 16}) 9. d3 O-O 10. Rf1 Nc6 11. Bg5 h6 12. Bxf6 Bxf6
13. Ne1 Nd4 $10 {Setterqvist,K-Svensson,B,SVE-ch 1991-TD 91_06}) (7... Ne4 $5
8. Nxe4 Bxe4 9. d3 Bb7 10. Rb1 O-O 11. a3 d5 12. Nd2 $5 Qd7 13. b4 dxc4 14.
Bxb7 Qxb7 15. Nxc4 Nd7 {Begun,F-Ikonnikov,V,URS-chT Azov-CBM 25} 16. Be3 $36)
8. d4 $5 (8. cxd5 Nxd5 9. Qa4+ Nd7 $10) 8... dxc4 $5 {N} (8... O-O 9. dxc5 dxc4
10. Qa4 Qc8 11. Qxc4 Nbd7 12. Be3 Nxc5 13. Rac1 Nce4 14. Qb3 Qe8 15. Ng5 $14 {
Ekstrom,R-Dizdarevic,E,Grand Prix-Suisse 1990-CBM 17}) 9. Qa4+ (9. dxc5 Qxd1
10. Rxd1 Ne4 $1 11. Nxe4 (11. Nb5 Na6 12. cxb6 axb6 13. Nd2 $6 O-O-O $1 $36)
11... Bxe4 12. Nd2 Bxg2 13. Kxg2 Nd7 $5 14. cxb6 Nxb6 $10) 9... Nbd7 (9... Qd7
10. Qxc4 {P e5+-}) 10. dxc5 Qc8 $8 (10... O-O $2 11. c6 Nc5 12. cxb7 Nxa4 13.
bxa8=Q Qxa8 14. Nxa4 $18) 11. Qxc4 (11. cxb6 axb6 12. Qb4 Qc5 $10) 11... Qxc5 (
11... Nxc5 {P} 12. Be3 Nce4 $5 $10) 12. Qh4 O-O 13. e4 $1 (13. Bh6 $2 Bxh6 14.
Qxh6 Ng4 $19) (13. Be3 Qh5 $10) 13... Rac8 14. Be3 (14. e5 $2 Bxf3 15. Bxf3 (
15. exf6 Bxf6) 15... Nxe5 $17) 14... Qh5 $6 (14... Qa5 15. Bh6 (15. Rad1 Rc4 $5
$132) 15... Bxh6 16. Qxh6 Ne5 17. Nxe5 Qxe5 $10) (14... Qb4 15. e5 Qxb2 (15...
Qxh4 $2 16. Nxh4 Bxg2 17. exf6 $18) 16. exf6 Bxf6 17. Ng5 Bxg5 $8 18. Bxg5 Bxg2
19. Na4 Qb5 20. Kxg2 Rc4 21. Qh6 Qxa4 22. Bxe7 $146) 15. Qxh5 Nxh5 16. Rad1
Rfd8 17. Bg5 $1 $14 Bf6 (17... f6 $2 18. Bh3 $1 $16) 18. Bxf6 Ndxf6 (18...
Nhxf6 19. e5 Ne8 20. e6 $16) 19. e5 Rxd1 $5 (19... Ne8 20. Nd4 $14 {@}) (19...
Nd5 20. Nb5 a6 21. Nbd4 $14 {@}) 20. Rxd1 Ng4 21. e6 $5 (21. Rd7 $2 Bxf3 22.
Bxf3 Nxe5 $19) (21. Re1 Rc5 (21... Ng7 $5 22. h3 Nh6 23. Rd1 Ne6 24. Rd7 Rc7
$10) 22. e6 f5 $13) 21... fxe6 22. Ng5 Bxg2 23. Kxg2 Nhf6 (23... Rf8 24. Nce4
Nhf6 25. Nxf6+ (25. Nxe6 $6 Nxe4 26. Nxf8 Kxf8 27. Rd8+ Kf7 28. f3 Ne3+ $15)
25... exf6 (25... Rxf6 26. Ne4 $16) 26. Nxe6 Re8 $14) 24. Nxe6 Ne5 25. Rd8+
Rxd8 26. Nxd8 $14 {<->e7} Kf8 27. Ne6+ Ke8 28. Nd4 Kd7 29. Kf1 (29. f4 Nd3 30.
b3 e5 $10) 29... Nd3 30. b3 e5 31. Nf3 Ke6 32. Ke2 Nc5 {P ce4} 33. Ng5+ $5 (33.
b4 Nce4 34. Nb5 Nd5 $10) 33... Kf5 34. h4 Ne6 (34... h6 35. Nf7 $14) 35. Nxe6
Kxe6 36. Kd3 a6 37. Ne4 $138 (37. Na4 $5 Nd5 38. a3 $14) 37... Nxe4 $8 38. Kxe4
Kd6 39. g4 (39. b4 b5 $10) 39... Ke6 40. a3 (40. h5 gxh5 $1 (40... Kd6 $2 41.
hxg6 hxg6 42. f4 exf4 43. Kxf4 Ke6 44. Kg5 Kf7 45. Kh6 Kf6 46. a3 $18) 41. gxh5
h6 42. a4 (42. b4 b5 43. a3 Kf6 44. Kd5 Kf5 45. Kc6 Kf4 46. Kd5 (46. Kb6 $2 Kf3
47. Kxa6 Kxf2 $19) 46... Kf5 $10) 42... a5 43. f3 Kf6 $10 44. Kd5 $2 Kf5 45.
Kc6 Kf4 46. Kxb6 Kxf3 $19) 40... Kd6 $138 (40... b5 41. b4 Kd6 42. h5 Ke6 $10)
41. h5 (41. f4 exf4 42. Kxf4 h6 $1 $8 (42... Ke6 43. Kg5 Kf7 44. Kh6 Kg8 45. a4
$1 (45. b4 $2 b5 46. h5 gxh5 47. Kxh5 Kg7 48. g5 Kf7 49. Kh6 Kg8 50. g6 hxg6
51. Kxg6 Kf8 52. Kf6 Ke8 53. Ke6 Kd8 54. Kd6 a5 $10) 45... a5 46. h5 gxh5 47.
Kxh5 Kg7 48. g5 $18) 43. h5 gxh5 44. gxh5 Ke6 45. Ke4 b5 46. b4 (46. Kd4 $2 Kf6
47. Kc5 Kg5 48. Kb6 Kxh5 49. Kxa6 Kg4 50. Kxb5 h5 $19) 46... Kf6 47. Kf4 $10)
41... Ke6 $10 42. a4 (42. hxg6 hxg6 43. f4 exf4 44. Kxf4 Kf6 $10) 42... a5 43.
hxg6 (43. f3 gxh5 44. gxh5 h6 $10) 43... hxg6 44. f4 (44. f3 g5 $10) 44... exf4
45. Kxf4 Kf6 $10 46. g5+ Ke6 (46... Kf7 47. Ke5 Ke7 $10) 47. Ke4 Kd6 48. Kd4
Ke6 49. Ke4 Kd6 50. Kd4 Ke6 51. Kc4 Kd6 52. Kb5 Kc7 53. Kc4 (53. b4 axb4 54.
Kxb4 Kc6 55. Kc4 Kd6 56. Kb5 Kc7 $10 57. Ka6 $2 Kc6 58. Ka7 b5 $1 $19) 1/2-1/2